00342nam a2200109Ia 4500008004100000082002000041100001800061245002600079260003300105630001800138650007600156211109s9999||||xx |||||||||||||| ||und|| a894.8123bVIJ-K aO V Vijayan,  0aKhasakkinte Ethihasam bCurrent BooksaTrichurc1900 xGENERAL STACK aMalayalam literaturevMalayalam fictionxLiterature & rhetoricGeneralia